000 00456nam a2200181Ia 4500
005 20250326142725.0
008 250326s9999 xx 000 0 und d
037 _aTextbook
040 _aFMSL
_beng
_cFMSL
041 _aeng
_2eng
084 _aS M0
_qFMSL
100 _aSampson G
245 0 _aMaking sense
_cSampson G; `
260 _aOxford
_bOxford, University
_c1980
300 _a215p
942 _cTB
_hS M0
999 _c1296364
_d1296364